Presidents When Presidents Were Born Quiz Stats

 Plays Quiz Updated Jan 20, 2021

Support Sporcle.
Go Orange.
Score 0/35 Timer 06:00
0 Plays Today
President President when born % Correct
Barack ObamaJohn F. Kennedy
78.3%
Joe BidenFranklin D. Roosevelt
74.7%
Bill ClintonHarry S. Truman
73.9%
Donald TrumpHarry S. Truman
73.8%
George W. BushHarry S. Truman
72%
John F. KennedyWoodrow Wilson
69.1%
George H.W. BushCalvin Coolidge
65.5%
Ronald ReaganWilliam Howard Taft
64.4%
Jimmy CarterCalvin Coolidge
64.3%
Lyndon JohnsonTheodore Roosevelt
63.3%
Gerald R. FordWoodrow Wilson
62%
Richard NixonWilliam Howard Taft
61.6%
Abraham LincolnThomas Jefferson
61.4%
John TylerGeorge Washington
54.3%
James PolkGeorge Washington
51.7%
Millard FillmoreJohn Adams
50.7%
James BuchananGeorge Washington
50%
Ulysses S. GrantJames Monroe
50%
President President when born % Correct
Dwight EisenhowerBenjamin Harrison
49.4%
Andrew JohnsonThomas Jefferson
49.3%
Franklin PierceThomas Jefferson
48.3%
Franklin RooseveltChester Arthur
48.3%
Theodore RooseveltJames Buchanan
46.5%
Harry S. TrumanChester Arthur
46.4%
Herbert HooverUlysses S. Grant
45.6%
Calvin CoolidgeUlysses S. Grant
44.4%
James GarfieldAndrew Jackson
41.9%
Warren G. HardingAndrew Johnson
40.6%
Chester ArthurAndrew Jackson
40.2%
Rutherford B. HayesJames Monroe
39.9%
William Howard TaftJames Buchanan
39.2%
Benjamin HarrisonAndrew Jackson
39.1%
William McKinleyJohn Tyler
39%
Woodrow WilsonFranklin Pierce
38.1%
Grover ClevelandMartin Van Buren
37.7%

You're not logged in!

Compare scores with friends on all Sporcle quizzes.
OR
Log In

From the Vault

MLB Cy Young/MVP Same Season

by chickenman

It certainly helps if you throw a no-hitter.
Remove Ads.
Support Sporcle.
Get the best of Sporcle when you Go Orange. This ad-free experience offers more features, more stats, and more fun while also helping to support Sporcle. Thank you for becoming a member.

Show Comments

Extras

Top Quizzes Today


Score Distribution

Your Account Isn't Verified!

In order to create a playlist on Sporcle, you need to verify the email address you used during registration. Go to your Sporcle Settings to finish the process.

Report this User

Report this user for behavior that violates our Community Guidelines.

Details: